[Event "nurmalso leisure kings gambit"]
[Site "SchemingMind.com"]
[Date "2018.01.30"]
[Round "-"]
[White "DANDYLIONHONEYBADGER"]
[Black "aliwood"]
[Result "1-0"]
[WhiteCountry "USA"]
[BlackCountry "ENG"]
[WhiteElo "1404"]
[WhiteRD "70"]
[BlackElo "1206"]
[BlackRD "57"]
[GameID "423907"]

1. e4 e5 2. f4 exf4 3. Qe2 d5 4. e5 Be6 5. d4 Nc6 6. c3 Nge7 7. g4 Ng6 8. Nd2 Be7 9. Ngf3 Bxg4 10. h3 Be6
11. Nb3 Qd7 12. h4 O-O-O 13. Ng5 Bg4 14. Qd3 Rdf8 15. Bh3 Bxh3 16. Rxh3 Nb4 17. cxb4 Rd8 18. Nxf7 Bxh4+ 19. Rxh4 Qxf7 20. Nc5 c6
21. Rg4 b6 22. e6 Qe7 23. Qa6+ Kb8 24. Nd7+ Rxd7 25. Qe2 Rdd8 26. Bxf4+ Nxf4 27. Rxf4 Rde8 28. a3 Rhf8 29. Rxf8 Rxf8 30. O-O-O c5
31. bxc5 Qc7 32. Rf1 Rxf1+ 33. Qxf1 bxc5 34. Qf8+
1-0

[Event "nurmalso leisure kings gambit"]
[Site "SchemingMind.com"]
[Date "2018.01.30"]
[Round "-"]
[White "Scooter"]
[Black "DANDYLIONHONEYBADGER"]
[Result "1-0"]
[WhiteCountry "USA"]
[BlackCountry "USA"]
[WhiteElo "1737"]
[WhiteRD "81"]
[BlackElo "1372"]
[BlackRD "71"]
[GameID "423908"]

1. e4 e5 2. f4 Nc6 3. fxe5 Nxe5 4. Nc3 c6 5. d3 Nh6 6. Bxh6 gxh6 7. Qh5 d6 8. Be2 Bg7 9. O-O-O Bd7 10. h3 O-O
11. Nf3 Nxf3 12. Bxf3 Be8 13. Qf5 Bd7 14. Qf4 Qf6 15. Qxf6 Bxf6 16. g4 Be6 17. d4 Bg5+ 18. Kb1 b5 19. h4 Bf4 20. d5 cxd5
21. Nxd5 Bxd5 22. Rxd5 a6 23. Rd3 b4 24. e5 Rad8 25. exd6 Bxd6 26. Rhd1 Bc7 27. Rxd8 Bxd8 28. Rd6 a5 29. Rxh6 Kg7 30. g5 f6
31. Be4 f5 32. Bd5 Re8 33. Re6 Rxe6 34. Bxe6 f4 35. Kc1 f3 36. Kd2 Bb6 37. Bg4 f2 38. Ke2 a4 39. c3 b3 40. axb3 axb3
41. Be6 h6 42. gxh6+ Kxh6 43. Bxb3 Kh5 44. Bc4 Kxh4 45. Kf3 Kh3 46. b4 Kh2 47. Bf1 Kg1 48. Ke2 Bc7 49. c4 Be5 50. Bh3 Bg3
51. b5 Kh2 52. Bf1 Kg1 53. c5
1-0

[Event "nurmalso leisure kings gambit"]
[Site "SchemingMind.com"]
[Date "2018.01.30"]
[Round "-"]
[White "DANDYLIONHONEYBADGER"]
[Black "Scooter"]
[Result "0-1"]
[WhiteCountry "USA"]
[BlackCountry "USA"]
[WhiteElo "1309"]
[WhiteRD "69"]
[BlackElo "1758"]
[BlackRD "59"]
[GameID "423909"]

1. e4 e5 2. f4 d6 3. f5 Nf6 4. Bd3 d5 5. exd5 Qxd5 6. Nf3 e4 7. c4 Qxd3 8. Na3 exf3 9. gxf3 Bxa3 10. bxa3 Qxf5
11. Qa4+ Bd7 12. Qb4 Qe6+ 13. Kf2 Qb6+ 14. Qxb6 axb6 15. Bb2 O-O 16. Rhg1 Nh5 17. Rg5 g6 18. Be5 f6 19. Bxf6 Nxf6 20. h4 Ne4+
0-1

[Event "nurmalso leisure kings gambit"]
[Site "SchemingMind.com"]
[Date "2018.01.30"]
[Round "-"]
[White "DANDYLIONHONEYBADGER"]
[Black "William Lindberg"]
[Result "0-1"]
[WhiteCountry "USA"]
[BlackCountry "USA"]
[WhiteElo "1309"]
[WhiteRD "69"]
[BlackElo "2472"]
[BlackRD "64"]
[GameID "423911"]

1. e4 e5 2. f4 exf4 3. e5 Qh4+ 4. Ke2 d6 5. Qe1 Qh5+ 6. Nf3 dxe5 7. Qh4 Qxh4 8. Nxh4 e4 9. h3 Be7 10. g3 Nf6
11. Kd1 Nh5 12. Ng2 Nxg3 13. Rg1 Bc5 14. Bb5+ c6 15. Re1 f3
0-1

[Event "nurmalso leisure kings gambit"]
[Site "SchemingMind.com"]
[Date "2018.01.30"]
[Round "-"]
[White "DANDYLIONHONEYBADGER"]
[Black "flyinduck"]
[Result "0-1"]
[WhiteCountry "USA"]
[BlackCountry "CAN"]
[WhiteElo "1419"]
[WhiteRD "71"]
[BlackElo "2024"]
[BlackRD "53"]
[GameID "423912"]

1. e4 e5 2. f4 exf4 3. Nf3 g5 4. Qe2 Nc6 5. c3 d6 6. b4 Bg7 7. Na3 g4 8. Nd4 Nxd4 9. cxd4 Bxd4 10. Rb1 Qh4+
11. Kd1 Ne7 12. Nc2 Bb6 13. d3 f3 14. gxf3 gxf3 15. Qd2 Bg4 16. h3 Bh5 17. Bb2 Rg8 18. Qh6 Rg1 19. Bf6 Qf2 20. Rxg1 Qxg1
21. Kd2 Qg6 22. Qxg6 hxg6 23. Bxe7 Kxe7 24. a4 a5 25. b5 g5 26. Ne3 Bxe3+ 27. Kxe3 Rf8 28. Rc1 Kd7 29. d4 f5 30. Bd3 g4
31. exf5 gxh3 32. Rh1 Bg4 33. Kf4 Rg8 34. Rg1 Ke7 35. Rxg4 Rxg4+ 36. Kxg4 h2
0-1

[Event "nurmalso leisure kings gambit"]
[Site "SchemingMind.com"]
[Date "2018.01.30"]
[Round "-"]
[White "flyinduck"]
[Black "DANDYLIONHONEYBADGER"]
[Result "1-0"]
[WhiteCountry "CAN"]
[BlackCountry "USA"]
[WhiteElo "2108"]
[WhiteRD "61"]
[BlackElo "1366"]
[BlackRD "71"]
[GameID "423913"]

1. e4 e5 2. f4 exf4 3. Nf3 Nh6 4. d4 Ng4 5. Bxf4 h6 6. Bc4 g5 7. Bd2 Rh7 8. Qe2 Nc6 9. Nc3 Bb4 10. O-O-O a6
11. e5 a5 12. Qe4 Nf2 13. Qxh7 Nxh1 14. Qxf7#
1-0

[Event "nurmalso leisure kings gambit"]
[Site "SchemingMind.com"]
[Date "2018.01.30"]
[Round "-"]
[White "DANDYLIONHONEYBADGER"]
[Black "pioneer"]
[Result "0-1"]
[WhiteCountry "USA"]
[BlackCountry "RUS"]
[WhiteElo "1309"]
[WhiteRD "69"]
[BlackElo "2319"]
[BlackRD "113"]
[GameID "423914"]

1. e4 e5 2. f4 Bc5 3. Ne2 d6 4. a3 Nf6 5. d3 Nc6 6. Qd2 Ng4 7. b4 Qh4+ 8. g3 Bf2+ 9. Kd1 Qh5 10. fxe5 Ne3+
11. Qxe3 Bxe3 12. Bxe3 dxe5
0-1

[Event "nurmalso leisure kings gambit"]
[Site "SchemingMind.com"]
[Date "2018.01.30"]
[Round "-"]
[White "pioneer"]
[Black "DANDYLIONHONEYBADGER"]
[Result "1-0"]
[WhiteCountry "RUS"]
[BlackCountry "USA"]
[WhiteElo "2319"]
[WhiteRD "113"]
[BlackElo "1309"]
[BlackRD "69"]
[GameID "423915"]

1. e4 e5 2. f4 exf4 3. Bc4 Qe7 4. Nf3 Qxe4+ 5. Be2 Be7 6. d4 c5 7. Nc3 Qg6 8. O-O Bd6 9. Nh4 Qg5 10. Nb5 Qf6
11. Nf5 Kf8 12. Nfxd6
1-0

[Event "nurmalso leisure kings gambit"]
[Site "SchemingMind.com"]
[Date "2018.01.30"]
[Round "-"]
[White "DANDYLIONHONEYBADGER"]
[Black "Keithk"]
[Result "0-1"]
[WhiteCountry "USA"]
[BlackCountry "ENG"]
[WhiteElo "1309"]
[WhiteRD "69"]
[BlackElo "2468"]
[BlackRD "60"]
[GameID "423918"]

1. e4 e5 2. f4 exf4 3. e5 Qh4+ 4. Ke2 d6 5. Nf3 Bg4 6. d4 dxe5 7. Qe1 Qh5 8. h3 Bxf3+ 9. Kf2 Nc6 10. gxf3 Qh4+
11. Ke2 Nxd4+ 12. Kd3 Qxe1
0-1

[Event "nurmalso leisure kings gambit"]
[Site "SchemingMind.com"]
[Date "2018.01.30"]
[Round "-"]
[White "Keithk"]
[Black "DANDYLIONHONEYBADGER"]
[Result "1-0"]
[WhiteCountry "ENG"]
[BlackCountry "USA"]
[WhiteElo "2468"]
[WhiteRD "60"]
[BlackElo "1309"]
[BlackRD "69"]
[GameID "423919"]

1. e4 e5 2. f4 Nc6 3. Nf3 exf4 4. d4 Bd6 5. Bc4 Nh6 6. O-O g5 7. Nc3 a6 8. h4 gxh4 9. e5 Bb4 10. Bxf4 Nf5
11. Ng5 O-O 12. Qh5 Ng7 13. Qxh7#
1-0

[Event "nurmalso leisure kings gambit"]
[Site "SchemingMind.com"]
[Date "2018.02.11"]
[Round "-"]
[White "aliwood"]
[Black "Krolewna"]
[Result "0-1"]
[WhiteCountry "ENG"]
[BlackCountry "POL"]
[WhiteElo "1325"]
[WhiteRD "61"]
[BlackElo "2035"]
[BlackRD "65"]
[GameID "424485"]

1. e4 e5 2. f4 exf4 3. Nf3 d5 4. exd5 Nf6 5. Bc4 Qe7+ 6. Qe2 Qxe2+ 7. Bxe2 Nxd5 8. Nc3 c6 9. Nxd5 cxd5 10. d4 Bb4+
11. c3 Bd6 12. O-O O-O 13. Re1 h6 14. Bd2 Be6
0-1

[Event "nurmalso leisure kings gambit"]
[Site "SchemingMind.com"]
[Date "2018.02.11"]
[Round "-"]
[White "Krolewna"]
[Black "aliwood"]
[Result "1-0"]
[WhiteCountry "POL"]
[BlackCountry "ENG"]
[WhiteElo "2035"]
[WhiteRD "65"]
[BlackElo "1325"]
[BlackRD "61"]
[GameID "424486"]

1. e4 e5 2. f4 exf4 3. Qf3 Nc6 4. c3 Nf6 5. d4 d5 6. e5 Ne4 7. Bxf4 Be7 8. Nd2 Nxd2 9. Bxd2 Be6 10. Ne2 Qd7
11. Nf4 Bf5 12. Bd3 Bxd3 13. Nxd3 O-O 14. O-O Rae8 15. Rae1
1-0

[Event "nurmalso leisure kings gambit"]
[Site "SchemingMind.com"]
[Date "2018.02.06"]
[Round "-"]
[White "Scooter"]
[Black "Krolewna"]
[Result "0-1"]
[WhiteCountry "USA"]
[BlackCountry "POL"]
[WhiteElo "1656"]
[WhiteRD "56"]
[BlackElo "1915"]
[BlackRD "80"]
[GameID "424487"]

1. e4 e5 2. f4 exf4 3. Bc4 Nf6 4. Nc3 Bb4 5. Nge2 O-O 6. d3 c6 7. Bxf4 d5 8. Bb3 d4 9. e5 Nh5 10. Bd2 dxc3
11. bxc3 Ba3 12. g3 Bg4 13. h3 Nxg3
0-1

[Event "nurmalso leisure kings gambit"]
[Site "SchemingMind.com"]
[Date "2018.02.06"]
[Round "-"]
[White "Krolewna"]
[Black "Scooter"]
[Result "1-0"]
[WhiteCountry "POL"]
[BlackCountry "USA"]
[WhiteElo "1915"]
[WhiteRD "80"]
[BlackElo "1656"]
[BlackRD "56"]
[GameID "424488"]

1. e4 e5 2. f4 Nc6 3. Nf3 d6 4. Bc4 Bg4 5. d3 f6 6. h3 Bxf3 7. Qxf3 Nd4 8. Qd1 Qd7 9. O-O O-O-O 10. c3 Ne6
11. Be3 exf4 12. Bxa7 b6 13. Ba6#
1-0

[Event "nurmalso leisure kings gambit"]
[Site "SchemingMind.com"]
[Date "2018.02.07"]
[Round "-"]
[White "William Lindberg"]
[Black "Krolewna"]
[Result "1/2-1/2"]
[WhiteCountry "USA"]
[BlackCountry "POL"]
[WhiteElo "2440"]
[WhiteRD "69"]
[BlackElo "1968"]
[BlackRD "74"]
[GameID "424489"]

1. e4 e5 2. f4 exf4 3. Nf3 g5 4. Nc3 Nc6 5. d4 g4 6. Ne5 Qh4+ 7. Ke2 d6 8. Nxc6 g3 9. h3 bxc6 10. Ke1 Bg7
11. Qf3 Bxd4 12. Bxf4 Bf2+ 13. Kd2 Ne7 14. Nd1 Ng6 15. Nxf2 Qxf4+ 16. Qxf4 Nxf4 17. Nd3 Nxd3 18. Bxd3 Rb8 19. b3 Be6 20. Rae1 h5
21. h4 Rg8 22. Re3 Ke7 23. Be2 Bg4 24. Rf1 Bxe2 25. Kxe2 Rg4 26. e5 d5 27. Rf6 c5 28. Rc6 Rc8 29. Rxc5 c6 30. Rec3 Ke6
31. Rxc6+ Rxc6 32. Rxc6+ Kxe5 33. Kf3 Rxh4 34. Kxg3 Rg4+ 35. Kf3 Rf4+ 36. Kg3 Rg4+=
1/2-1/2

[Event "nurmalso leisure kings gambit"]
[Site "SchemingMind.com"]
[Date "2018.02.07"]
[Round "-"]
[White "Krolewna"]
[Black "William Lindberg"]
[Result "0-1"]
[WhiteCountry "POL"]
[BlackCountry "USA"]
[WhiteElo "1915"]
[WhiteRD "80"]
[BlackElo "2414"]
[BlackRD "69"]
[GameID "424490"]

1. e4 e5 2. f4 exf4 3. Bc4 Nc6 4. d4 Qh4+ 5. Kf1 d6 6. Nf3 Bg4 7. Bb5 Qh5 8. Nc3 f5 9. d5 O-O-O 10. dxc6 fxe4
11. cxb7+ Kxb7 12. Kf2 d5
0-1

[Event "nurmalso leisure kings gambit"]
[Site "SchemingMind.com"]
[Date "2018.02.11"]
[Round "-"]
[White "DANDYLIONHONEYBADGER"]
[Black "Krolewna"]
[Result "0-1"]
[WhiteCountry "USA"]
[BlackCountry "POL"]
[WhiteElo "1309"]
[WhiteRD "69"]
[BlackElo "2064"]
[BlackRD "64"]
[GameID "424491"]

1. e4 e5 2. f4 exf4 3. Nf3 g5 4. h3 h6 5. b3 Bg7 6. c3 Nf6 7. Bd3 O-O 8. O-O d5 9. exd5 Qxd5 10. Qe2 Re8
11. c4 Qd8 12. Qf2 Qxd3 13. Ne1 Qd8 14. Bb2 Ne4 15. Qe2 Bxb2 16. Nc2 Ng3 17. Qg4 Bxg4
0-1

[Event "nurmalso leisure kings gambit"]
[Site "SchemingMind.com"]
[Date "2018.02.11"]
[Round "-"]
[White "Krolewna"]
[Black "DANDYLIONHONEYBADGER"]
[Result "1-0"]
[WhiteCountry "POL"]
[BlackCountry "USA"]
[WhiteElo "2064"]
[WhiteRD "64"]
[BlackElo "1309"]
[BlackRD "69"]
[GameID "424492"]

1. e4 e5 2. f4 Bd6 3. Nf3 exf4 4. d4 Nf6 5. e5 Bb4+ 6. c3 Nd5 7. cxb4 a6 8. Qb3 c6 9. Nc3 Ne3 10. Bxe3 fxe3
11. Ne4 O-O 12. Qxe3 a5 13. b5 cxb5 14. Bxb5 Nc6 15. O-O Nb4 16. Nfg5 Nc2 17. Qh3 Qb6 18. Qxh7#
1-0

[Event "nurmalso leisure kings gambit"]
[Site "SchemingMind.com"]
[Date "2018.02.11"]
[Round "-"]
[White "flyinduck"]
[Black "Krolewna"]
[Result "1-0"]
[WhiteCountry "CAN"]
[BlackCountry "POL"]
[WhiteElo "2102"]
[WhiteRD "63"]
[BlackElo "2064"]
[BlackRD "64"]
[GameID "424493"]

1. e4 e5 2. f4 exf4 3. Nf3 g5 4. h4 g4 5. Ne5 d6 6. Nxg4 Nf6 7. Nf2 Rg8 8. d4 Bh6 9. Nc3 Nc6 10. Bb5 Bd7
11. O-O Qe7 12. Nd3 a6 13. Bxc6 Bxc6 14. d5 Bd7 15. Bxf4 Bxf4 16. Nxf4 Ng4 17. Qe1 O-O-O 18. Nd3 Rde8 19. Rf4 Rg6 20. Nf2 Nf6
21. Qe3
1-0

[Event "nurmalso leisure kings gambit"]
[Site "SchemingMind.com"]
[Date "2018.02.11"]
[Round "-"]
[White "Krolewna"]
[Black "flyinduck"]
[Result "0-1"]
[WhiteCountry "POL"]
[BlackCountry "CAN"]
[WhiteElo "1862"]
[WhiteRD "69"]
[BlackElo "2024"]
[BlackRD "53"]
[GameID "424494"]

1. e4 e5 2. f4 Bc5 3. Nf3 d6 4. Nc3 Nc6 5. Bb5 Bg4 6. h3 Bxf3 7. Qxf3 Ne7 8. d3 O-O 9. Bxc6 Nxc6 10. Be3 Nd4
11. Bxd4 Bxd4 12. O-O-O Bxc3 13. bxc3 exf4 14. Qxf4 a5 15. g4 a4 16. Rhf1 c6 17. Rde1 Qa5 18. Kd2 Rad8 19. e5 dxe5 20. Rxe5 Qc7
21. Re4 Qxf4+ 22. Rfxf4 b5 23. c4 Rfe8 24. Rxe8+ Rxe8 25. cxb5 cxb5 26. Rb4 f5 27. Rxb5 fxg4 28. hxg4 Ra8
0-1

[Event "nurmalso leisure kings gambit"]
[Site "SchemingMind.com"]
[Date "2018.02.08"]
[Round "-"]
[White "pioneer"]
[Black "Krolewna"]
[Result "0-1"]
[WhiteCountry "RUS"]
[BlackCountry "POL"]
[WhiteElo "1937"]
[WhiteRD "90"]
[BlackElo "1890"]
[BlackRD "63"]
[GameID "424495"]

1. e4 e5 2. f4 exf4 3. Nf3 g5 4. Bc4 Bg7 5. O-O d6 6. d4 h6 7. c3 Nc6 8. Qa4 Bd7 9. Qb3 Na5 10. Bxf7+ Ke7
11. Qa3 Kxf7 12. Qxa5 c5 13. Qa3 Qc7 14. Qb3+ Kg6 15. Qc4 Ne7 16. Qd3 cxd4 17. cxd4 Rhc8 18. Bd2 Qc2 19. Qxc2 Rxc2 20. Bc3 Re2
21. Nbd2 Rf8 22. Rfe1 Rxe1+ 23. Rxe1 g4 24. Nh4+ Kh5 25. g3 f3 26. Kf2 Bf6 27. h3 gxh3 28. Nhxf3 d5 29. Kg1 Bg4 30. Bb4 Rf7
31. Bc5 dxe4 32. Rxe4 Nd5 33. Ne5 Rg7 34. Rxg4 Rxg4
0-1

[Event "nurmalso leisure kings gambit"]
[Site "SchemingMind.com"]
[Date "2018.02.08"]
[Round "-"]
[White "Krolewna"]
[Black "pioneer"]
[Result "1-0"]
[WhiteCountry "POL"]
[BlackCountry "RUS"]
[WhiteElo "1890"]
[WhiteRD "63"]
[BlackElo "1937"]
[BlackRD "90"]
[GameID "424496"]

1. e4 e5 2. f4 exf4 3. Nf3 d6 4. d4 g5 5. h4 g4 6. Ng1 Bh6 7. Nc3 c6 8. Nge2 Qf6 9. g3 f3 10. Nf4 Qe7
11. Be3 d5 12. e5 Bf5 13. Qd2 Bxf4 14. Bxf4 Nd7 15. Kf2 h5 16. Nd1 Qe6 17. Ne3 Ne7 18. c4 Bg6 19. Rc1 O-O 20. cxd5 Nxd5
21. Bc4 N7b6 22. Bb3 Qd7 23. Rhd1 Rfe8 24. Nxd5 Nxd5 25. Bg5 a5 26. a3 Kh7 27. Re1 b6 28. Red1 Bf5 29. Ba4 Re6 30. Bb3 Rae8
31. Bxd5 Qxd5 32. Qc3
1-0

[Event "nurmalso leisure kings gambit"]
[Site "SchemingMind.com"]
[Date "2018.02.06"]
[Round "-"]
[White "Keithk"]
[Black "Krolewna"]
[Result "1-0"]
[WhiteCountry "ENG"]
[BlackCountry "POL"]
[WhiteElo "2231"]
[WhiteRD "82"]
[BlackElo "1915"]
[BlackRD "80"]
[GameID "424499"]

1. e4 e5 2. f4 exf4 3. Nf3 f5 4. exf5 d5 5. d4 Bd6 6. c4 Bxf5 7. c5 Be7 8. Bxf4 Nc6 9. Bd3 Bg4 10. O-O Bf6
11. Qe1+ Nge7 12. Bg5 O-O 13. Bxh7+ Kxh7 14. Qh4+ Kg8 15. Qxg4 Ng6 16. Bxf6 Qxf6 17. Nc3 Nge7 18. Rae1
1-0

[Event "nurmalso leisure kings gambit"]
[Site "SchemingMind.com"]
[Date "2018.02.06"]
[Round "-"]
[White "Krolewna"]
[Black "Keithk"]
[Result "0-1"]
[WhiteCountry "POL"]
[BlackCountry "ENG"]
[WhiteElo "1915"]
[WhiteRD "80"]
[BlackElo "2231"]
[BlackRD "82"]
[GameID "424500"]

1. e4 e5 2. f4 exf4 3. Bc4 Nf6 4. Nc3 c6 5. Bb3 d5 6. exd5 cxd5 7. d4 Bd6 8. Nge2 O-O 9. O-O g5 10. h4 h6
11. hxg5 hxg5 12. g3 Bh3 13. gxf4 Bxf1 14. Qxf1 g4 15. Qg2 Nc6 16. Nxd5 Kg7 17. Nxf6 Qxf6 18. Qxg4+ Qg6 19. Qxg6+ fxg6 20. c3 Rae8
21. Bc4 Ne7 22. Bb5 Rc8 23. Bd2 Rh8 24. Kg2 Nd5 25. a4 Rh4 26. Rf1 Rf8 27. Kg3 g5 28. Rf3 Rfh8 29. Bc4 Rh2 30. Bxd5 Rxe2
0-1

[Event "nurmalso leisure kings gambit"]
[Site "SchemingMind.com"]
[Date "2018.02.15"]
[Round "-"]
[White "Scooter"]
[Black "ArtistDude"]
[Result "0-1"]
[WhiteCountry "USA"]
[BlackCountry "USA"]
[WhiteElo "1728"]
[WhiteRD "52"]
[BlackElo "1859"]
[BlackRD "88"]
[GameID "424639"]

1. e4 e5 2. f4 exf4 3. d4 Qh4+ 4. Kd2 Qf2+ 5. Kd3 Nc6 6. Nf3 Nb4+ 7. Kc3 c5 8. Qd2 cxd4+ 9. Nxd4 Qxd2+ 10. Bxd2 g5
11. Nb5 Kd8 12. Bc4 f6 13. a3 Nc6 14. Kb3 a6 15. N5c3 Nd4+ 16. Ka2 Nxc2 17. Nd5 b5 18. Ba5+ Ke8 19. Nc7+ Ke7 20. Nxa8 bxc4
21. Nb6 Bb7 22. Bb4+ Kf7 23. Bxf8 Kxf8 24. Nxd7+ Kg7 25. Nc5 Bc6 26. Nc3 Nxa1 27. Kxa1 Nh6 28. Nxa6 Nf7 29. Rd1 Re8 30. Nc7 Re7
31. N7d5 Bxd5 32. Rxd5 Ne5 33. h3 h5 34. Rd6 Rd7 35. Rxd7+ Nxd7 36. Nd5 Ne5 37. Nb6 g4 38. hxg4 hxg4 39. Nd5 f3 40. gxf3 gxf3
41. Ne3 Kg6 42. a4 Kg5 43. a5 Kf4 44. a6 Kxe3
0-1

[Event "nurmalso leisure kings gambit"]
[Site "SchemingMind.com"]
[Date "2018.02.15"]
[Round "-"]
[White "ArtistDude"]
[Black "William Lindberg"]
[Result "0-1"]
[WhiteCountry "USA"]
[BlackCountry "USA"]
[WhiteElo "1859"]
[WhiteRD "88"]
[BlackElo "2460"]
[BlackRD "67"]
[GameID "424641"]

1. e4 e5 2. f4 exf4 3. Bc4 Nc6 4. Nf3 g5 5. h4 g4 6. Bxf7+ Kxf7 7. Ng5+ Ke8 8. Qxg4 Nf6 9. Qxf4 Bd6 10. Qf5 Bg3+
11. Kd1 d6 12. Qf3 Bg4
0-1

[Event "nurmalso leisure kings gambit"]
[Site "SchemingMind.com"]
[Date "2018.02.15"]
[Round "-"]
[White "William Lindberg"]
[Black "ArtistDude"]
[Result "1-0"]
[WhiteCountry "USA"]
[BlackCountry "USA"]
[WhiteElo "2460"]
[WhiteRD "67"]
[BlackElo "1859"]
[BlackRD "88"]
[GameID "424642"]

1. e4 e5 2. f4 exf4 3. Nf3 g5 4. Nc3 Nc6 5. h3 d6 6. d4 Bg7 7. g3 fxg3 8. Bxg5 Bf6 9. Be3 Nge7 10. Qd2 Rg8
11. O-O-O Ng6 12. Rg1 Bd7 13. Rxg3 a6 14. Qf2 Na7 15. e5 dxe5 16. dxe5 Bg7 17. Ng5 Be6 18. Rxd8+
1-0

[Event "nurmalso leisure kings gambit"]
[Site "SchemingMind.com"]
[Date "2018.02.15"]
[Round "-"]
[White "ArtistDude"]
[Black "DANDYLIONHONEYBADGER"]
[Result "1-0"]
[WhiteCountry "USA"]
[BlackCountry "USA"]
[WhiteElo "1835"]
[WhiteRD "80"]
[BlackElo "1286"]
[BlackRD "73"]
[GameID "424643"]

1. e4 e5 2. f4 Bd6 3. Bc4 exf4 4. Nc3 c6 5. Nf3 h6 6. d4 b5 7. Bb3 a5 8. a3 a4 9. Ba2 f6 10. e5 fxe5
11. dxe5 Be7 12. O-O Bc5+ 13. Kh1 Ne7 14. Ne4 Na6 15. Bxf4 Nf5 16. Nxc5 Nxc5 17. Nd4 Nxd4 18. Qh5+ Kf8 19. Qf7#
1-0

[Event "nurmalso leisure kings gambit"]
[Site "SchemingMind.com"]
[Date "2018.02.15"]
[Round "-"]
[White "DANDYLIONHONEYBADGER"]
[Black "ArtistDude"]
[Result "0-1"]
[WhiteCountry "USA"]
[BlackCountry "USA"]
[WhiteElo "1404"]
[WhiteRD "70"]
[BlackElo "1872"]
[BlackRD "90"]
[GameID "424644"]

1. e4 e5 2. f4 exf4 3. d3 g5 4. Be2 Nc6 5. c3 d5 6. Nd2 Bc5 7. Ndf3 Bg4 8. h3 Bh5 9. d4 Bb6 10. h4 g4
11. Ng5 f3 12. gxf3 gxf3 13. Bxf3 Bxf3 14. N1xf3 dxe4 15. Ne5 Nxe5 16. Nxe4 Nc4 17. b3 Nd6 18. Bg5 f6 19. Bf4 Nxe4 20. Qe2 Qe7
21. O-O-O Nxc3 22. Qxe7+ Nxe7 23. Rd3 Ne2+ 24. Kd2 Nxf4 25. Re3 Nd5 26. Re6 Bxd4 27. Kd3 Nf4+ 28. Kxd4 Nxe6+
0-1

[Event "nurmalso leisure kings gambit"]
[Site "SchemingMind.com"]
[Date "2018.02.15"]
[Round "-"]
[White "ArtistDude"]
[Black "flyinduck"]
[Result "0-1"]
[WhiteCountry "USA"]
[BlackCountry "CAN"]
[WhiteElo "1835"]
[WhiteRD "80"]
[BlackElo "2086"]
[BlackRD "62"]
[GameID "424645"]

1. e4 e5 2. f4 exf4 3. Bc4 Nc6 4. d4 Nf6 5. Nc3 Bb4 6. Ne2 Nxe4 7. Bxf4 d5 8. Bb3 Bg4 9. Qd3 Bxe2 10. Qxe2 Nxd4
11. Qb5+ Nxb5
0-1

[Event "nurmalso leisure kings gambit"]
[Site "SchemingMind.com"]
[Date "2018.02.15"]
[Round "-"]
[White "flyinduck"]
[Black "ArtistDude"]
[Result "1-0"]
[WhiteCountry "CAN"]
[BlackCountry "USA"]
[WhiteElo "2086"]
[WhiteRD "62"]
[BlackElo "1835"]
[BlackRD "80"]
[GameID "424646"]

1. e4 e5 2. f4 exf4 3. Nf3 d6 4. d4 g5 5. g3 g4 6. Nh4 f3 7. Bc4 Nf6 8. O-O Nc6 9. c3 Be7 10. Bh6 Nxe4
11. Nxf3 gxf3 12. Qxf3 f5 13. Qh5+
1-0

[Event "nurmalso leisure kings gambit"]
[Site "SchemingMind.com"]
[Date "2018.02.15"]
[Round "-"]
[White "ArtistDude"]
[Black "pioneer"]
[Result "0-1"]
[WhiteCountry "USA"]
[BlackCountry "RUS"]
[WhiteElo "1835"]
[WhiteRD "80"]
[BlackElo "2381"]
[BlackRD "106"]
[GameID "424647"]

1. e4 e5 2. f4 d5 3. exd5 e4 4. d3 Nf6 5. dxe4 Nxe4 6. Nf3 Bc5 7. Qe2 Bf5 8. Nc3 Qe7 9. Be3 Nd7 10. Bxc5 Ndxc5
11. Nxe4 Bxe4 12. O-O-O O-O-O 13. Qc4 a6 14. b4 Bxf3 15. gxf3 Qe3+ 16. Kb1 Na4 17. Bh3+ Kb8 18. Rd3 Qf2 19. b5 Nb6 20. Qb3 axb5
21. Qxb5 Rd6 22. c4 Nxd5 23. cxd5 Rb6
0-1

[Event "nurmalso leisure kings gambit"]
[Site "SchemingMind.com"]
[Date "2018.02.15"]
[Round "-"]
[White "pioneer"]
[Black "ArtistDude"]
[Result "0-1"]
[WhiteCountry "RUS"]
[BlackCountry "USA"]
[WhiteElo "1937"]
[WhiteRD "90"]
[BlackElo "1872"]
[BlackRD "90"]
[GameID "424648"]

1. e4 e5 2. f4 exf4 3. Bc4 Nc6 4. Nf3 g5 5. O-O d6 6. d4 h6 7. c3 Nf6 8. Re1 Bg4 9. Qb3 Na5 10. Qa4+ c6
11. e5 b5 12. exf6+ Kd7 13. Bxb5 cxb5 14. Qxb5+ Nc6 15. d5 Qb6+ 16. Qxb6 axb6 17. dxc6+ Kxc6 18. Nd4+ Kb7 19. a4 d5 20. b4 Bd6
21. Nb5 Kc6 22. Nd2 Rhe8 23. Rxe8 Rxe8 24. Nxd6 Kxd6 25. Nf3 Re6
0-1

[Event "nurmalso leisure kings gambit"]
[Site "SchemingMind.com"]
[Date "2018.02.15"]
[Round "-"]
[White "ArtistDude"]
[Black "Keithk"]
[Result "0-1"]
[WhiteCountry "USA"]
[BlackCountry "ENG"]
[WhiteElo "1835"]
[WhiteRD "87"]
[BlackElo "2468"]
[BlackRD "60"]
[GameID "424651"]

1. e4 e5 2. f4 exf4 3. Bc4 Nf6 4. Nc3 c6 5. d4 d5 6. exd5 cxd5 7. Bb3 Bd6 8. Nge2 O-O 9. O-O g5 10. h4 h6
11. hxg5 hxg5 12. Nxd5 Kg7 13. Nxf6 Qxf6 14. Ng3 Rh8 15. Nh5+ Rxh5 16. Qxh5 Nc6 17. Bxf7 Bd7 18. d5 Bc5+ 19. Rf2 Ne5 20. Be6 Bxe6
21. dxe6 Rh8 22. Qe2 g4 23. Be3 Qh6 24. Rxf4 Qh2+ 25. Kf1 Qxf4+ 26. Bxf4 Rh1#
0-1

[Event "nurmalso leisure kings gambit"]
[Site "SchemingMind.com"]
[Date "2018.02.15"]
[Round "-"]
[White "Keithk"]
[Black "ArtistDude"]
[Result "1-0"]
[WhiteCountry "ENG"]
[BlackCountry "USA"]
[WhiteElo "2468"]
[WhiteRD "60"]
[BlackElo "1835"]
[BlackRD "87"]
[GameID "424652"]

1. e4 e5 2. f4 exf4 3. Nf3 g5 4. h4 g4 5. Ne5 Nf6 6. Bc4 d5 7. exd5 Bd6 8. d4 Nh5 9. O-O O-O 10. Rxf4 Nxf4
11. Bxf4 Bxe5 12. dxe5 Qxh4 13. g3 Qh5 14. Nc3 Bf5 15. Qd4 Nd7 16. e6 Nb6 17. Bb3 Rad8 18. e7
1-0

[Event "nurmalso leisure kings gambit"]
[Site "SchemingMind.com"]
[Date "2018.02.15"]
[Round "-"]
[White "ArtistDude"]
[Black "Krolewna"]
[Result "0-1"]
[WhiteCountry "USA"]
[BlackCountry "POL"]
[WhiteElo "1835"]
[WhiteRD "87"]
[BlackElo "2064"]
[BlackRD "64"]
[GameID "424653"]

1. e4 e5 2. f4 exf4 3. Bc4 Nf6 4. Nc3 c6 5. d4 d5 6. exd5 cxd5 7. Bb3 Bd6 8. Nge2 O-O 9. O-O g5 10. h4 h6
11. g3 Bh3 12. gxf4 Bxf1 13. Qxf1 gxh4 14. Nxd5 Nc6 15. f5 Ng4 16. Ndf4 Qd7 17. Ng6 Rfe8 18. Nxh4 Bh2+ 19. Kh1 Qe7 20. Bf4 Qxh4
0-1